• 首页
  • 本馆介绍
  • 公告通知
  • 最新文献
  • 馆藏检索
  • 电子资源
  • 读者导购
  • 参考咨询
  • 我的图书馆
  • 登录
  • 详细信息显示
  • 放入我的书架
  • 预约/预借图书
  • 作者相关作品
  • 分类相关作品
  • 丛书相关作品
  • 出版社相关作品

书目信息

  • 表格格式
  • 工作单格式
  • 卡片格式
题名:
宋代笔记小说选译
    
 
作者: 庄绰 著 ;朱瑞熙 , 程君健 译注
分册:  
出版信息: 成都   巴蜀书社  1991.10
页数: 261页
开本: 19cm
丛书名: 古代文史名著选译丛书
单 册:
中图分类: I242.1 , I211
科图分类:
主题词: 笔记小说--中国--两宋时代--选集 , 笔记小说 , 文学--作品集--中国
电子资源:
ISBN: 7-80523-358-6
000 00967oam2 2200313 450
001 1570195231
005 20150121193121.20
010    @a7-80523-358-6
100    @a19920528d1991 em y0chiy0110 ea
101 0  @achi
102    @aCN@b510000
105    @af zr 000fy
200 1  @a宋代笔记小说选译@9song dai bi ji xiao shuo xuan yi@f(宋)庄 绰等著@g朱瑞熙,程君健译注
210    @a成都@c巴蜀书社@d1991.10
215    @a261页@c插图@d19cm
225 2  @a古代文史名著选译丛书@i宋元明清@f章培恒等主编
300    @a国家教委古籍整理“七·五”规划重点项目
461  0 @12001 @a古代文史名著选译丛书
462  0 @12001 @a宋元明清
606 0  @a笔记小说@y中国@z两宋时代@x选集
606 0  @a笔记小说
606 0  @a文学@x作品集@x中国
690    @aI242.1@v三版
690    @aI211@v4
701  0 @a庄绰@9zhuang chuo@4著
702  0 @a朱瑞熙@9zhu rui xi@f(1938~)@4译注
702  0 @a程君健@9cheng jun jian@4译注
801  0 @aCN@bTSSF@c20150121
905    @aZUCC@dI211@eJY84
    
    宋代笔记小说选译/(宋)庄 绰等著/朱瑞熙,程君健译注.-成都:巴蜀书社,1991.10
    261页:插图;19cm.-(古代文史名著选译丛书.宋元明清/章培恒等主编)
    国家教委古籍整理“七·五”规划重点项目
    
    ISBN 7-80523-358-6:
    
●
相关链接 在E读中查询图书 在五车中查询图书 在当当中查询图书 在豆瓣中查询图书


正题名:宋代笔记小说选译     索取号:I211/JY84         预约/预借

序号 登录号 条形码 馆藏地/架位号 状态 备注
1 7855982   278559828   学院路分馆/ [索取号:I211/JY84] 在馆    
2 7855985   278559855   学院路分馆/ [索取号:I211/JY84] 在馆    
唐山师范学院图书馆 欢迎您!
大连网信软件有限公司© 版权所有